Countries by satellite image - Statistics

General Stats
  • This quiz has been taken 12 times
  • The average score is 15 of 16
Answer Stats
Picture Answer % Correct
Cyprus
100%
Egypt
100%
Italy
100%
Mexico
100%
New Zealand
100%
South Africa
100%
South Korea
100%
Sweden
100%
Cuba
91%
Japan
91%
Philippines
91%
Taiwan
91%
USA
91%
Finland
82%
France
82%
United Kingdom
82%
No matching quizzes found
Score Distribution
Percent of People with Each Score
Percentile by Number Answered
Your Score History
You have not taken this quiz